[Event "GER Schools Cup g/7'+3\""]
[Site "Playchess.com INT"]
[Date "2004.02.04"]
[Round "2"]
[White "Siebarth, Raiko"]
[Black "Riese, Rudi"]
[Result "0-1"]
[WhiteElo "2000"]
[BlackElo "1885"]
[PlyCount "128"]
[EventDate "2004.01.23"]
[EventType "team (blitz)"]
[EventRounds "12"]
[EventCountry "GER"]
[SourceTitle "EXT 2005"]
[Source "ChessBase"]
[SourceDate "2004.11.15"]
[SourceVersion "1"]
[SourceVersionDate "2004.11.15"]
[SourceQuality "1"]

1. e4 c5 2. Nf3 d6 3. d4 cxd4 4. Nxd4 Nf6 5. Nc3 e6 6. Be3 Be7 7. Be2 0-0 8. 0-0 Nc6 9. Qd2 e5 10. Nb3 Be6 11. Rad1 Ng4 12. Bxg4 Bxg4 13. f3 Be6 14. Nb5 Bc4 15. Nxd6 Bxd6 16. Qxd6 Qxd6 17. Rxd6 Bxf1 18. Kxf1 Rfd8 19. Rxd8+ Rxd8 20. c3 Rd1+ 21. Ke2 Rd7 22. Nc5 Rc7 23. Nd3 b6 24. b3 g6 25. c4 f5 26. g3 Kf7 27. Bc1 Nd4+ 28. Ke3 Nc6 29. Bb2 Ke6 30. f4 exf4+ 31. Nxf4+ Kf7 32. Nd5 Rd7 33. exf5 gxf5 34. Kf4 Ne7 35. Nxe7 Rxe7 36. Be5 Ke6 37. Bd4 Rd7 38. Ke3 Kf7 39. h3 Re7+ 40. Kf3 Re1 41. Bf2 Ra1 42. c5 bxc5 43. Bxc5 Rxa2 44. Kf4 Ke6 45. b4 Ra1 46. h4 h6 47. g4 Rf1+ 48. Kg3 f4+ 49. Kg2 Ra1 50. Kf3 Ke5 51. Bf8 Ra3+ 52. Kf2 Ra6 53. Kf3 Rb6 54. Bc5 Ra6 55. Bf8 Ra3+ 56. Kf2 Ke4 57. Bxh6 Ra2+ 58. Kg1 Kf3 59. g5 Rg2+ 60. Kf1 Rh2 61. Kg1 Rxh4 62. b5 Rh5 63. Bf8 Rxg5+ 64. Kf1 Rxb5 0-1

[Event "GER Schools Cup g/7'+3\""]
[Site "Playchess.com INT"]
[Date "2004.01.23"]
[Round "2"]
[White "Riese, Rudi"]
[Black "Schulz, Stefanie"]
[Result "1-0"]
[WhiteElo "1829"]
[BlackElo "1863"]
[PlyCount "49"]
[EventDate "2004.01.23"]
[EventType "team (blitz)"]
[EventRounds "12"]
[EventCountry "GER"]
[SourceTitle "EXT 2005"]
[Source "ChessBase"]
[SourceDate "2004.11.15"]
[SourceVersion "1"]
[SourceVersionDate "2004.11.15"]
[SourceQuality "1"]

1. e4 e5 2. f4 exf4 3. Nf3 g5 4. Bc4 g4 5. 0-0 gxf3 6. Qxf3 Bh6 7. d4 Nc6 8. Bxf4 Nxd4 9. Bxf7+ Kxf7 10. Qh5+ Kg7 11. Be5+ Nf6 12. Bxf6+ Qxf6 13. Rxf6 Kxf6 14. Qxh6+ Kf7 15. Qh5+ Kf6 16. e5+ Ke6 17. Qh6+ Kd5 18. Nc3+ Kc5 19. Qe3 d6 20. Ne4+ Kd5 21. exd6 cxd6 22. Rd1 Bf5 23. Qxd4+ Kc6 24. Qxd6+ Kb5 25. Rd5+ 1-0

[Event "GER Schools Cup g/7'+3\""]
[Site "Playchess.com INT"]
[Date "2004.01.20"]
[Round "4.2"]
[White "Riese, Rudi"]
[Black "Geiger, Florian"]
[Result "1-0"]
[WhiteElo "1784"]
[BlackElo "1328"]
[PlyCount "71"]
[EventDate "2004.01.23"]
[EventType "team (blitz)"]
[EventRounds "12"]
[EventCountry "GER"]
[SourceTitle "EXT 2005"]
[Source "ChessBase"]
[SourceDate "2004.11.15"]
[SourceVersion "1"]
[SourceVersionDate "2004.11.15"]
[SourceQuality "1"]

1. e4 b6 2. d4 Bb7 3. Nc3 Nc6 4. Nf3 d6 5. a3 Qd7 6. d5 Ne5 7. Nxe5 dxe5 8. Qh5 g6 9. Qxe5 f6 10. Qd4 e5 11. Qe3 Bc5 12. Qf3 0-0-0 13. Be3 Bxe3 14. Qxe3 Qg4 15. f3 Qh4+ 16. g3 Qh6 17. Qxh6 Nxh6 18. 0-0-0 g5 19. b4 Nf7 20. h4 Rdg8 21. g4 h6 22. h5 Nd6 23. Rh2 a6 24. Na2 b5 25. a4 Nc4 26. Bxc4 bxc4 27. Nc3 Rg7 28. a5 Rd8 29. Rhd2 Rgd7 30. Na4 Rd6 31. Nc5 Re8 32. Kb2 Bxd5 33. Rxd5 Red8 34. Kc3 Rxd5 35. Rxd5 Rxd5 36. exd5 1-0